Govt. of
Madhya Pradesh

Social & Religious Institute Of Bodos (Record no. 16367)

MARC details
000 -LEADER
fixed length control field 004660000a22001810004500
001 - CONTROL NUMBER
control field 004478
003 - CONTROL NUMBER IDENTIFIER
control field MACL
005 - DATE AND TIME OF LATEST TRANSACTION
control field 20150705140336.0
008 - FIXED-LENGTH DATA ELEMENTS--GENERAL INFORMATION
fixed length control field 150705b xxu||||| |||| 00| 0 eng d
040 ## - CATALOGING SOURCE
Original cataloging agency MACL
Transcribing agency MACL
041 ## - LANGUAGE CODE
Language code of text/sound track or separate title English
100 ## - MAIN ENTRY--PERSONAL NAME
Personal name Devi, Premalata
9 (RLIN) 838
245 ## - TITLE STATEMENT
Title Social & Religious Institute Of Bodos
Statement of responsibility, etc. Premlata Devi
260 ## - PUBLICATION, DISTRIBUTION, ETC. (IMPRINT)
Place of publication, distribution, etc. Geophil Publishing,
Date of publication, distribution, etc. 2004
Name of publisher, distributor, etc. Guwahati
350 ## - PRICE (NR) (BK AM CF MU VM SE) [OBSOLETE]
Price 600
650 ## - SUBJECT ADDED ENTRY--TOPICAL TERM
Topical term or geographic name as entry element Social Science
9 (RLIN) 29
942 ## - ADDED ENTRY ELEMENTS (KOHA)
Call number prefix 306
Koha item type Books
Source of classification or shelving scheme
Holdings
Withdrawn status Lost status Source of classification or shelving scheme Damaged status Not for loan Home library Current library Date acquired Cost, normal purchase price Total Checkouts Full call number Barcode Date last seen Uniform Resource Identifier Price effective from Koha item type
          MACL MACL 05/07/2015 600.00   306/DEV CRE016772 02/05/2024 16273 15/04/2015 Books